|
|
|
|
| LEADER |
00000naa a2200000uu 4500 |
| 001 |
vtls011087705 |
| 003 |
SK-MaSNL |
| 005 |
20260302105617.0 |
| 008 |
210905|1997 xo |||||||||||||||||eng| |
| 015 |
|
|
|a SNBRA
|
| 035 |
|
|
|a (urnnbn)urn:nbn:sk:snk:ar-a0cnsx
|
| 035 |
|
|
|a (uuid)6a89a3ae-024c-4ea7-9a7b-6ba9b4c3603c
|
| 035 |
|
|
|a urn:nbn:sk:snk-aavtmo
|
| 040 |
|
|
|a SNKBUCL
|b slo
|c SNKBUCL
|e AACR2
|
| 041 |
0 |
|
|a eng
|
| 044 |
|
|
|a xo
|c SK
|
| 100 |
1 |
|
|a Gottvald, Aleš
|4 aut
|9 784472
|
| 245 |
1 |
0 |
|a PROPERTIES OF INHOMOGENEITY FUNCTIONS IN MRS
|c Aleš Gottvald, Hana Kuchařová, Roman Malczyk
|
| 700 |
1 |
|
|a Kuchařová, Hana
|4 aut
|9 784522
|
| 700 |
1 |
|
|a Malczyk, Roman
|4 aut
|9 784521
|
| 773 |
0 |
|
|t Measurement '97
|d Bratislava : Institute of Measurement Science Slovak Academy of Sciences, 1997
|g S. 320-323
|z 8096740210
|
| 958 |
|
|
|a OND
|
| 958 |
|
|
|a article12
|
| 958 |
|
|
|a chapter
|
| 999 |
|
|
|c 1239513
|d 1241443
|